000 00279nam a2200121Ia 4500
008 191201s2010 xx 000 0 und d
100 _aMUKHERJEE,A
245 0 _aFinancial Accounting
250 _a10th Rep
260 _aN. delhi
_bMGH
_c2010
650 _aBBA
942 _2ddc
_cBK
_01
999 _c4609
_d4609